Shiv Kumar Sharma : (Record no. 86309)
[ view plain ]
| 000 -LEADER | |
|---|---|
| fixed length control field | 00642nam a2200217 a 4500 |
| 001 - CONTROL NUMBER | |
| control field | 86309 |
| 003 - CONTROL NUMBER IDENTIFIER | |
| rucl marc code | BD-RjUL |
| 005 - DATE AND TIME OF LATEST TRANSACTION | |
| control field | 20260402151024.0 |
| 008 - FIXED-LENGTH DATA ELEMENTS--GENERAL INFORMATION | |
| fixed length control field | 260402s2014 ii ||||| |||| 00| 0 eng d |
| 020 ## - INTERNATIONAL STANDARD BOOK NUMBER | |
| International Standard Book Number | 9789383098149 |
| 035 ## - SYSTEM CONTROL NUMBER | |
| System control number | (BD-RjUL)86309 |
| 040 ## - CATALOGING SOURCE | |
| Original cataloging agency | BD-RjUL |
| Language of cataloging | eng |
| Transcribing agency | BD-RjUL |
| 041 ## - LANGUAGE CODE | |
| Language code of text/sound track or separate title | eng |
| 082 ## - DEWEY DECIMAL CLASSIFICATION NUMBER | |
| Edition number | 23 |
| Classification number | 787.2092 |
| Author mark and year | SHS 2014 |
| 100 ## - MAIN ENTRY--PERSONAL NAME | |
| Personal name | Sharma, Shiv Kumar |
| 9 (RLIN) | 17993 |
| 245 ## - TITLE STATEMENT | |
| Title | Shiv Kumar Sharma : |
| Remainder of title | The Man & His Music / |
| Statement of responsibility, etc. | Shiv Kumar Sharma; edited by Ina Puri |
| 600 ## - SUBJECT ADDED ENTRY--PERSONAL NAME | |
| Personal name | Sharma, Shiv Kumar |
| General subdivision | Biography |
| 650 ## - SUBJECT ADDED ENTRY--TOPICAL TERM | |
| Topical term or geographic name as entry element | Stringed instruments |
| 9 (RLIN) | 6330 |
| Topical term or geographic name as entry element | Indian classical music |
| 9 (RLIN) | 17995 |
| 942 ## - ADDED ENTRY ELEMENTS (KOHA) | |
| Source of classification or shelving scheme | Dewey Decimal Classification |
| Koha item type | Books |
| Lost status | Source of classification or shelving scheme | Damaged status | Not for loan | Collection code | Permanent Location | Current Location | Shelving location | Date acquired | Source of acquisition | Cost, normal purchase price | Total Checkouts | Full call number | Date last seen | Copy number | Koha item type |
|---|---|---|---|---|---|---|---|---|---|---|---|---|---|---|---|
| Dewey Decimal Classification | Not For Loan | Non-fiction | Central Library, University of Rajshahi | Central Library, University of Rajshahi | Reading Room | 03/03/2026 | International Book Distributor, Dhaka | 1575.00 | 787.2092 SHS 2014 | 02/04/2026 | C-1 | Books | |||
| Dewey Decimal Classification | Non-fiction | Central Library, University of Rajshahi | Central Library, University of Rajshahi | General Stacks | 03/03/2026 | International Book Distributor, Dhaka | 1575.00 | 787.2092 SHS 2014 | 02/04/2026 | C-2 | Books | ||||
| Dewey Decimal Classification | Non-fiction | Central Library, University of Rajshahi | Central Library, University of Rajshahi | General Stacks | 03/03/2026 | International Book Distributor, Dhaka | 1575.00 | 787.2092 SHS 2014 | 02/04/2026 | C-3 | Books | ||||
| Dewey Decimal Classification | Non-fiction | Central Library, University of Rajshahi | Central Library, University of Rajshahi | General Stacks | 03/03/2026 | International Book Distributor, Dhaka | 1575.00 | 787.2092 SHS 2014 | 02/04/2026 | C-4 | Books | ||||
| Dewey Decimal Classification | Non-fiction | Central Library, University of Rajshahi | Central Library, University of Rajshahi | General Stacks | 03/03/2026 | International Book Distributor, Dhaka | 1575.00 | 787.2092 SHS 2014 | 02/04/2026 | C-5 | Books |